| 000 | 00422nam a2200169Ia 4500 | ||
|---|---|---|---|
| 008 | 131103s9999 xx 000 0 und d | ||
| 040 | _aLoreto College | ||
| 041 | _aEnglish | ||
| 082 |
_aF/CRE _bLCLIB/16375 |
||
| 100 | _aCreasey,John | ||
| 245 |
_aSons of Satan _cJohn Creasey |
||
| 260 |
_aLondon _bArrow Books _c1948 |
||
| 300 |
_a190 p. _c 18 cm. |
||
| 650 | _aFiction in English | ||
| 850 | _aLCLIB | ||
| 942 | _cBK | ||
| 999 |
_c15505 _d65984 |
||